ბათუმის შოთა რუსთაველის სახელმწიფო უნივერსიტეტის ბიბლიოთეკა

ლექსები და პოემები (ბიბ.ჩანაწერი № 48993)

000 -LEADER
fixed length control field 00852nam a2200217Ia 4500
001 - CONTROL NUMBER
control field 15898
003 - CONTROL NUMBER IDENTIFIER
control field GE_BSU
008 - FIXED-LENGTH DATA ELEMENTS--GENERAL INFORMATION
fixed length control field 181216s||||||||xx |||||||||||||| ||und||
040 ## - CATALOGING SOURCE
Transcribing agency GE_BSU
080 ## - UNIVERSAL DECIMAL CLASSIFICATION NUMBER
Universal Decimal Classification number 821.353.1-1 + 821.353.1-11
100 ## - MAIN ENTRY--PERSONAL NAME
Personal name ჭავჭავაძე, ი. (ილია, 1837-1907)
245 ## - TITLE STATEMENT
Title ლექსები და პოემები
245 ## - TITLE STATEMENT
Statement of responsibility, etc. რედ.პ.ინგოროყვა.
260 ## - PUBLICATION, DISTRIBUTION, ETC.
Place of publication, distribution, etc. თბილისი
260 ## - PUBLICATION, DISTRIBUTION, ETC.
Name of publisher, distributor, etc. საბჭ. მწერალი
260 ## - PUBLICATION, DISTRIBUTION, ETC.
Date of publication, distribution, etc. 1948
300 ## - PHYSICAL DESCRIPTION
Extent 176 გვ. ; 15 სმ.
520 ## - SUMMARY, ETC.
Summary, etc. თავფურცელზე და ყდაზე სათაური არ არის, აწერილია შმუცტიტულის მიხედვით.
653 ## - INDEX TERM--UNCONTROLLED
Uncontrolled term ლექსები და პოემები
942 ## - ADDED ENTRY ELEMENTS (KOHA)
Koha item type წიგნი
ეგზემპლარები
Withdrawn status Lost status Damaged status Not for loan Date acquired Barcode Date last seen Price effective from Koha item type
        2018-12-17 39091 2018-12-17 2018-12-17 წიგნი
        2018-12-17 39092 2018-12-17 2018-12-17 წიგნი
        2018-12-17 39093 2018-12-17 2018-12-17 წიგნი
        2018-12-17 39094 2018-12-17 2018-12-17 წიგნი
        2018-12-17 39095 2018-12-17 2018-12-17 წიგნი